Statistiques concernant Messages codés #2

Cliquez ici pour prendre le quiz!

Statistiques générales

  • Ce quiz a été pris 27 fois
  • Le résultat moyen est 6 sur 15

Statistiques - réponses

Code
Prénom% Correct
4227435Gabriel
83%
58227Lucas
75%
5642Loïc
63%
2686463Antoine
58%
58537Jules
58%
4734679Gregory
50%
6548437Olivier
42%
73837Peter
38%
253947Alexis
33%
22784783Baptiste
29%
2474786743Christophe
29%
8462368Vincent
29%
278487Arthur
21%
36626835Emmanuel
21%
436743George
17%

Distribution des résultats

Percentile par nombre de réponses

% des personnes avec chaque résultat

Votre développement - résultats

Vous n’avez pas pris ce quiz